000 00187nam a2200085Ia 4500
008 250605s9999 xx 000 0 und d
041 _aeng
100 _aSiddhant Sharma
245 _aIndian Oil
999 _c46398
_d46398